000 00823nam a22002657a 4500
001 BR2010005325
003 BR-BrBNA
005 20230928103426.0
007 ta
008 230509b bl.||||| |||| 00| 0 por d
040 _aBR-BrBNA
_bpor
_cBiblioteca Nacional de Agricultura
041 _a(Por)
072 _aP10
090 _ P10 BR2010005325
110 1 _aMinistério do Meio Ambiente, Brasília, DF (Brasil). Secretaria de Recursos Hídricos
_97132
245 1 _aRelatório de atividades: Conselho Nacional de Recursos Hídricos;m CNRH 1998-2002
260 3 _aBrasília, DF (Brasil):
_c2002.
300 _a53 p.
650 _aRECUIRSO HÍDRICO
650 _aRECURSO NATURAL
650 _aPROJETO DE DESENVOLVIMENTO
650 _aBACIA HIDROGRÁFICA
909 _a202309
_bLucia
_c55
_dLucia Elande
942 _cBK
999 _c75060
_d75060